| 000 | 01200pam a2200373 i 4500 | ||
|---|---|---|---|
| 999 |
_c1297 _d1297 |
||
| 001 | 018535216 | ||
| 003 | Uk | ||
| 005 | 20230106102459.0 | ||
| 008 | 170922r20172004enkab j 000|f|eng|d | ||
| 015 |
_aGBB7H6661 _2bnb |
||
| 016 | 7 |
_a018535216 _2Uk |
|
| 020 | _a9781782263586 (pbk.) : | ||
| 040 |
_aStDuBDS _beng _cStDuBDS _dUk _dKH8 _erda |
||
| 041 | 1 |
_aeng _hita |
|
| 042 | _aukblcatcopy | ||
| 082 | 0 | 4 |
_a853.92 STI _223 |
| 100 | 1 |
_aStilton, Geronimo, _eauthor. |
|
| 240 | 1 | 0 |
_aCastello di zampaciccia zanzamio. _lEnglish |
| 245 | 1 | 0 |
_aCat & mouse in a haunted house / _cGeronimo Stilton. |
| 264 | 1 |
_aLeicester : _bSweet Cherry Publishing, _c2017. |
|
| 300 |
_a108 pages : _billustrations (black and white), maps ; _c20 cm. |
||
| 336 |
_atext _2rdacontent |
||
| 336 |
_astill image _2rdacontent |
||
| 337 |
_aunmediated _2rdamedia |
||
| 338 |
_avolume _2rdacarrier |
||
| 490 | 0 | _aGeronimo Stilton | |
| 500 | _aThis translation originally published: New York: London: Scholastic, 2004. | ||
| 500 |
_aFormerly CIP. _5Uk |
||
| 521 | 1 | _a5+. | |
| 546 | _aTranslated from the Italian. | ||
| 600 | 1 | 0 |
_aStilton, Geronimo _vJuvenile fiction. |
| 655 | 0 | _aChildren's stories. | |
| 942 |
_2ddc _cNFIC |
||